God Speaks (Record no. 5542)

MARC details
000 -LEADER
fixed length control field 00637nam a2200253 a 4500
020 ## - INTERNATIONAL STANDARD BOOK NUMBER
ISBN
082 00 - DEWEY DECIMAL CLASSIFICATION NUMBER
Classification number 291.4
Author Cutter MEH
100 ## - MAIN ENTRY--AUTHOR NAME
Author name Meher, Baba
245 ## - TITLE STATEMENT
Title God Speaks
Sub title the Theme of Creation and Its Purpose.
260 ## - PUBLICATION, DISTRIBUTION, ETC. (IMPRINT)
Place of publication New York
Name of publisher Dodd, Mead and Company
Year of publication 1955
300 ## - PHYSICAL DESCRIPTION
Number of Pages 255p
500 ## - GENERAL NOTE
General note includes index and biblioraphy
505 2# - FORMATTED CONTENTS NOTE
Formatted contents note Index
650 ## - SUBJECT ADDED ENTRY--TOPICAL TERM
Topical Term Meher Baba
650 ## - SUBJECT ADDED ENTRY--TOPICAL TERM
Topical Term Comparative Religion-Mysticism
942 ## - ADDED ENTRY ELEMENTS (KOHA)
Koha item type Books
700 1# -
-- Meher, Baba
Holdings
Collection code Home library Current library Date acquired Cost, normal purchase price Full call number Accession Number Koha item type
  Henry Martyn Institute Library Henry Martyn Institute Library 07/19/2007 100.00 291.4 MEH 06645 Books
                   Copyright © 2026 | Henry Martyn Institute | Hyderabad | TS-500052 | INDIA | Implemented by hmi.edu.in
Hit-Count:

Powered by Koha